| 000 | 00812cam a22002413a 4500 | ||
|---|---|---|---|
| 001 | 28067 | ||
| 003 | PGUSA | ||
| 005 | 20140828083615.0 | ||
| 008 | 090213s2009||||xxu|||||s|||||000 | eng d | ||
| 040 |
_aPGUSA _beng |
||
| 042 | _adc | ||
| 050 | 4 | _aJK | |
| 100 | 1 |
_aSmith, J. Allen _q(James Allen), _d1860-1926 |
|
| 245 | 1 | 4 |
_aThe Spirit of American Government : _bA Study Of The Constitution: Its Origin, Influence And Relation To Democracy _h[electronic resource] / _cJ. Allen Smith |
| 260 |
_bProject Gutenberg, _c2009 |
||
| 506 | _aPublic domain in the USA. | ||
| 516 | _aElectronic text | ||
| 653 | _aConstitutional history -- United States | ||
| 653 | _aUnited States -- Politics and government | ||
| 830 | 0 |
_aProject Gutenberg _v28067 |
|
| 856 | 4 | 0 | _uhttp://www.gutenberg.org/ebooks/28067 |
| 942 | _cEB | ||
| 999 |
_c257322 _d257322 |
||